UBT Library

English society, 1580-1680 / (Record no. 40571)

000 -LEADER
fixed length control field 00626pam a2200241 a 4500
001 - CONTROL NUMBER
control field 3314141
005 - DATE AND TIME OF LATEST TRANSACTION
control field 20180119070509.0
008 - FIXED-LENGTH DATA ELEMENTS--GENERAL INFORMATION
fixed length control field 840622t19841982nju b 001 0 eng
010 ## - LIBRARY OF CONGRESS CONTROL NUMBER
LC control number 84013466
020 ## - INTERNATIONAL STANDARD BOOK NUMBER
International Standard Book Number 0813510821 (pbk.) :
Terms of availability $12.00
020 ## - INTERNATIONAL STANDARD BOOK NUMBER
International Standard Book Number 0813509513 :
Terms of availability $27.50
040 ## - CATALOGING SOURCE
Original cataloging agency DLC
Transcribing agency DLC
Modifying agency DLC
041 ## - LANGUAGE CODE
Language code of text/sound track or separate title eng
043 ## - GEOGRAPHIC AREA CODE
Geographic area code e-uk-en
080 ## - UNIVERSAL DECIMAL CLASSIFICATION NUMBER
Universal Decimal Classification number 306.0942
082 00 - DEWEY DECIMAL CLASSIFICATION NUMBER
Classification number 306.0942 WRI
Edition number 19
100 1# - Rafti
Rafti 19
101 ## - Shkurtesa
Shkurtesa SHP
245 10 - TITLE STATEMENT
Title English society, 1580-1680 /
Statement of responsibility, etc Keith Wrightson.
504 ## - BIBLIOGRAPHY, ETC. NOTE
Bibliography, etc Bibliography: p. [229]-257.
906 ## - LOCAL DATA ELEMENT F, LDF (RLIN)
a 7
b cbc
c orignew
d 1
e ocip
f 19
g y-gencatlg
942 ## - ADDED ENTRY ELEMENTS (KOHA)
Source of classification or shelving scheme
Item type Books
Holdings
Withdrawn status Lost status Source of classification or shelving scheme Damaged status Not for loan Collection code Permanent location Current location Shelving location Date acquired Total Checkouts Full call number Barcode Date last seen Price effective from Koha item type
          Koleksioni i përgjithshem UBT - Lipjan UBT - Lipjan Koleksioni i përgjithshem 01/19/2018   306.0942 WRI 002-2995924 01/19/2018 01/19/2018 Books
UBT Library © 2015-2024. All rights reserved University Education for Business and Technology